| 000 | 00413nam a2200181Ia 4500 | ||
|---|---|---|---|
| 001 | 9170 | ||
| 005 | 20250626030151.0 | ||
| 008 | 211022s9999 xx 000 0 und d | ||
| 020 | _a0691025053 | ||
| 082 | _a791.43 KRA | ||
| 100 | _aKracauer, Siegfried | ||
| 245 | 0 | _aFrom Caligari to Hitler : | |
| 260 | _aPrinceton | ||
| 260 | _bPrinceton University Press | ||
| 260 | _c1947 | ||
| 300 | _a361 | ||
| 942 | _cBK | ||
| 999 |
_c7883 _d7883 |
||